1649 1995 1958 1966 1862 1909 1283 1386 1587 1253 1061 1343 1318 1006 1721 1410 1012 1256 1174 1116 1204 1567 1819 1642 1471 1644 1986 1647 1048 1890 1910 1139 1705 1893 1617 1915 1033 1309 1436 1258 1846 1440 1889 1135 1740 1706 1324 1571 1240 1909 1473 1679 1305 1359 1940 1649 1519 1618 1175 1344 1778 1564 1896 1131 1599 1993 1864 1578 1660 1911 1555 1386 1649 1481 1756 1739 1876 1636 1438 1907 1808 1107 1571 1841 1622 1831 1311 1250 1220 1784 1557 1510 1825 1203 1914 1299 1009 1393 1091 BCNSPRNW ULIB Ver.6.0+V

เปลี่ยนเป็นภาษาไทย

Change to English
 แสดงรายละเอียดบรรณานุกรม
  กลับหน้าหลัก

Brief Record : Get Marc (ISO 2709) : E-mail record : QR code < ปิดหน้าต่าง
LEADER : 00000nam 2200000uu 4500
001    13399113383
003     ULIB
008    111109s2550||||th 000 0 tha d
020    9740411614(ล.1)
060 04 QZ4^bส598พ ล.1
245 00 พยาธิสรีรวิทยาทางการพยาบาล 1/^cบรรณาธิการ, สุจินดาริมศรีทอง, สุดาพรรณ ธัญจิรา, อรุณศรี เตชัสหงส์
250    พิมพ์ครั้งที่ 2
260    กรุงเทพฯ :^bภาควิชาพยาบาลศาสตร์คณะแพทยศาสตร์โรงพยาบาลรามาธิบดี มหาวิทยาลัยมหิดล,^c2550
300    423 หน้า :^bภาพประกอบ ;^c26 ซม.
650  7 การพยาบาล
650  7 สรีรวิทยา
700 0  สุจินดา ริมศรีทอง,^eบรรณาธิการ
700 0  สุดาพรรณ ธัญจิรา,^eบรรณาธิการ
700 0  อรุณศรี เตซัสหงส์,^eบรรณาธิการ
710 2  มหาวิทยาลัยมหิดล. /^bคณะแพทยศาสตร์โรงพยาบาลรามาธิบดี.^bภาควิชาพยาบาลศาสตร์
945    ^p220^l0^i14969
995    กัณชพร
999    ^aใช้งานได้ทุกระบบ
รายการนี้ยังไม่มีแท็ก
คุณยังไม่ได้ล็อกอิน คุณสามารถมีกิจกรรมร่วมกับเว็บไซต์ได้ แต่ต้องล็อกอินก่อน ::
  ล็อกอิน

รายการสื่อสารสนเทศ

ลำดับที่ ประเภท เลขเรียก/บาร์โค้ด สถานที่ สถานะ
1. วิทยาศาสตร์การแพทย์ และสุขภาพ
วิทยาศาสตร์การแพทย์ และสุขภาพ
QZ4 ส598พ ล.1  
  Barcode: 14969
ห้องสมุดวิทยาเขตสวรรค์ประชารักษ์
►ส่วนจัดเก็บหนังสือเก่า สปร
บนชั้น
  ขอยืม

รายการใกล้เคียง
    หัวเรื่อง [การพยาบาล]
    หัวเรื่อง [สรีรวิทยา]

BibComment


ยังไม่เคยถูกคอมเมนท์

คอมเมนท์ทรัพยากรรายการนี้
  คอมเมนท์: พยาธิสรีรวิทยาทาง..


 Copyright 2026. Bcnsprnw @Library